000 00574nam a2200145Ia 4500
008 100204s9999 xx 000 0 und d
082 _b26900
100 _aपोतदार शंकरराव
245 _aवृध्दत्व समस्या आणि उपाय
260 _b"पॉप्युलर प्रकाशन , मुंबई"
_c1997
300 _a80
630 _aवृध्दत्व समस्या आणि उपाय
730 _aवृध्दत्व समस्या आणि उपाय
942 _cBOOK
999 _c472081
_d472078